000
00236 a2200097 4500
001
59672
100
_a
245
_a
100 ideas for developing ; Good Practice in the Early Years
260
_a
UK
_b
Continuum
_c
2008
090
_c
36547
_d
36547
942
_a
NUST-CAE
_c
_c
29499
999
_c
294745
_d
294745